[Event "C.to Provinciale TO"]
[Site "Torino ITA"]
[Date "2012.03.06"]
[Round "3"]
[White "Benenati, Gianfranco"]
[Black "Riccardi, Mauro"]
[WhiteElo "1847"]
[BlackElo "1872"]
[Result "1-0"]
[PlyCount "65"]
[EventDate "2012.02.21"]

1. e4 c5 2. Nf3 Nc6 3. d4 cxd4 4. Nxd4 Nf6 5. Nc3 e5 6. Ndb5 d6 7. Bg5 a6 8.
Na3 b5 9. Nd5 Be7 10. Nxe7 Qxe7 11. c3 Be6 12. Bd3 O-O 13. O-O h6 14. Bh4 g5
15. Bg3 d5 16. exd5 Bxd5 17. f3 Rad8 18. Qe2 Nh5 19. Nc2 Nxg3 20. hxg3 f5 21.
Ne3 Be6 22. a4 f4 23. gxf4 exf4 24. Nc2 Rxd3 25. Qxd3 Bf5 26. Qd5+ Kh7 27. Qxc6
Rf6 28. Qd5 Bxc2 29. axb5 Rd6 30. Qc5 Bd3 31. Rfe1 Qf6 32. bxa6 Bxa6 33. b4 1-0

[Event "C.to Provinciale TO"]
[Site "Torino ITA"]
[Date "2012.03.06"]
[Round "3"]
[White "Blundo, Michele"]
[Black "Iacomussi, Mario"]
[WhiteElo "1685"]
[BlackElo "1729"]
[Result "1-0"]
[PlyCount "46"]
[EventDate "2012.02.21"]

1. d4 Nf6 2. c4 e6 3. Nf3 c5 4. e3 b6 5. g3 Bb7 6. Bg2 cxd4 7. exd4 Bb4+ 8.
Nbd2 Nc6 9. a3 Bxd2+ 10. Nxd2 d5 11. cxd5 Nxd5 12. Nf3 Rc8 13. O-O O-O 14. Re1
Na5 15. Qd3 h6 16. Ne5 Qc7 17. Be4 Rfd8 18. Qf3 f5 19. Bxd5 Bxd5 20. Qe3 Nb3
21. Rb1 Be4 22. Qxb3 Bxb1 23. Qxe6+ Kf8 1-0

[Event "C.to Provinciale TO"]
[Site "Torino ITA"]
[Date "2012.03.06"]
[Round "3"]
[White "Capuzzimati, Fausto"]
[Black "Bosetti, Roberto"]
[WhiteElo "1486"]
[BlackElo "1874"]
[Result "0-1"]
[PlyCount "69"]
[EventDate "2012.02.21"]

1. d4 Nf6 2. c4 e6 3. Nc3 Bb4 4. Nf3 b6 5. g3 Bb7 6. Bg2 O-O 7. O-O c5 8. e3
cxd4 9. exd4 Bxc3 10. bxc3 Qc7 11. Be3 d6 12. Re1 Nbd7 13. Bf4 Rac8 14. Nd2
Bxg2 15. Kxg2 Rfe8 16. Qb3 Qc6+ 17. Kg1 d5 18. cxd5 Nxd5 19. Ne4 Nxf4 20. gxf4
h6 21. Qb4 Rc7 22. Re3 Nf8 23. Rae1 Qd5 24. Rg3 Ng6 25. h4 Rd8 26. Kh2 Qh5 27.
Qb3 Qxh4+ 28. Kg1 Rd5 29. Ree3 Rf5 30. Rxg6 fxg6 31. Qxe6+ Kh7 32. Rg3 Qxf4 33.
Qxg6+ Kh8 34. Qe8+ Rf8 35. Qh5 0-1

[Event "C.to Provinciale TO"]
[Site "Torino ITA"]
[Date "2012.03.06"]
[Round "3"]
[White "Castaldo, Folco"]
[Black "Boetto, Massimo"]
[WhiteElo "2417"]
[BlackElo "1977"]
[Result "1-0"]
[PlyCount "41"]
[EventDate "2012.02.21"]

1. e4 e6 2. f4 c5 3. Nf3 Nc6 4. c3 d5 5. e5 Nh6 6. Na3 Be7 7. Nc2 O-O 8. d4
cxd4 9. Nfxd4 Nf5 10. Nxf5 exf5 11. Bd3 d4 12. c4 Be6 13. O-O Nb4 14. b3 Na6
15. Bb2 Qd7 16. Qe2 Rfd8 17. Rad1 Nb4 18. Bxd4 Bc5 19. Bxc5 Nxd3 20. Be3 b5 21.
Rd2 1-0

[Event "C.to Provinciale TO"]
[Site "Torino ITA"]
[Date "2012.03.06"]
[Round "3"]
[White "Fassero, Fabrizio"]
[Black "Gastaldi, Franco"]
[WhiteElo "1724"]
[BlackElo "1566"]
[Result "1-0"]
[PlyCount "73"]
[EventDate "2012.02.21"]

1. Nf3 d5 2. c4 dxc4 3. Na3 Nf6 4. Nxc4 Bg4 5. Nce5 Bxf3 6. gxf3 Qd5 7. Qa4+ c6
8. d4 Nbd7 9. e4 Qd6 10. Nd3 b5 11. Qb4 Qc7 12. Bd2 a5 13. Qb3 e6 14. Rc1 Qb6
15. Be3 Qb7 16. a3 Be7 17. Qc3 b4 18. axb4 Bxb4 19. Nxb4 Qxb4 20. Qxb4 axb4 21.
Rxc6 O-O 22. Bg2 Ra2 23. Rc7 Nb8 24. Bc1 Na6 25. Rc4 Nd7 26. d5 exd5 27. exd5
Ndc5 28. O-O Nd3 29. Rc6 b3 30. Rd1 Nab4 31. Rc4 Rb8 32. d6 Nxb2 33. Bxb2 Rxb2
34. d7 Rd8 35. Rc8 Nc6 36. f4 Rc2 37. Bxc6 1-0

[Event "C.to Provinciale TO"]
[Site "Torino ITA"]
[Date "2012.03.06"]
[Round "3"]
[White "Fassio, Francesco"]
[Black "Marvin, Elio"]
[WhiteElo "1623"]
[BlackElo "1688"]
[Result "0-1"]
[PlyCount "110"]
[EventDate "2012.02.21"]

1. c4 Nf6 2. Nc3 e6 3. e4 e5 4. Nf3 d6 5. d4 exd4 6. Nxd4 Be7 7. Be2 O-O 8. O-O
Nc6 9. a3 Re8 10. Re1 Bf8 11. Bg5 h6 12. Bxf6 Qxf6 13. Ndb5 Be6 14. Nxc7 Nd4
15. Bd3 Qg5 16. Bf1 Qe5 17. Nxa8 Rxa8 18. Nd5 g5 19. Nc7 Rc8 20. Nxe6 fxe6 21.
Qd3 a6 22. Rad1 Bg7 23. Rd2 Rf8 24. Red1 Qc5 25. Qe3 e5 26. Qc3 Qc6 27. Qe3 Rf4
28. Re1 a5 29. b4 axb4 30. axb4 Qb6 31. Qa3 Nc6 32. c5 dxc5 33. bxc5 Qc7 34.
Bc4+ Kh8 35. Bd5 Bf8 36. Bxc6 Qxc6 37. Rd5 Qc7 38. Qc3 Bg7 39. Qe3 Rf6 40. Red1
Rf7 41. Qd3 Qc6 42. Rd7 Rf4 43. Rd5 g4 44. Qe3 Qa4 45. Rd7 Rxe4 46. Qg3 Qxd7
47. Qb3 Rd4 48. Rc1 e4 49. g3 Rd2 50. Re1 Qf5 51. Qe3 Rd4 52. Rc1 Qd5 53. Qe2
Rd2 54. Qxg4 Be5 55. Rf1 e3 0-1

[Event "C.to Provinciale TO"]
[Site "Torino ITA"]
[Date "2012.03.06"]
[Round "3"]
[White "Gussone, Claudio"]
[Black "Di Chiara, Mauro"]
[WhiteElo "1744"]
[BlackElo "2008"]
[Result "0-1"]
[PlyCount "66"]
[EventDate "2012.02.21"]

1. e4 c5 2. Nf3 g6 3. g3 Bg7 4. Bg2 Nc6 5. Nc3 d6 6. O-O e6 7. d3 Nge7 8. Ne2
O-O 9. c3 d5 10. exd5 Nxd5 11. d4 cxd4 12. Nexd4 Nxd4 13. Nxd4 Qb6 14. Nb3 Rd8
15. Qe2 a5 16. c4 a4 17. cxd5 axb3 18. Be3 Qa6 19. Qxa6 Rxa6 20. axb3 exd5 21.
Rxa6 bxa6 22. Rd1 Be6 23. Bd4 Bxd4 24. Rxd4 Rc8 25. Bxd5 Rd8 26. Bxe6 Rxd4 27.
Bc4 a5 28. Bb5 Rd2 29. Kg2 Rxb2 30. Bc4 Kf8 31. Kf3 Ke7 32. Ke3 Kd6 33. h4 Kc5
0-1

[Event "C.to Provinciale TO"]
[Site "Torino ITA"]
[Date "2012.03.06"]
[Round "3"]
[White "Lizzari, Nicola"]
[Black "Tondo, Stefano"]
[WhiteElo "1844"]
[BlackElo "1752"]
[Result "1-0"]
[PlyCount "39"]
[EventDate "2012.02.21"]

1. d4 f5 2. c4 e6 3. Nc3 d5 4. cxd5 exd5 5. Nf3 Nf6 6. Bg5 c6 7. e3 Be7 8. Bd3
O-O 9. O-O Ne4 10. Bxe7 Qxe7 11. Ne5 Nd7 12. f4 Rf6 13. Bxe4 fxe4 14. Qb3 Kh8
15. Rad1 Nb6 16. a4 Nc4 17. Nxe4 Nxe3 18. Qxe3 dxe4 19. Qxe4 Bf5 20. Ng6+ 1-0

[Event "C.to Provinciale TO"]
[Site "Torino ITA"]
[Date "2012.03.06"]
[Round "3"]
[White "Manni, Stefano"]
[Black "Malano, Francesco"]
[WhiteElo "2034"]
[BlackElo "1952"]
[Result "1-0"]
[PlyCount "51"]
[EventDate "2012.02.21"]

1. e4 c5 2. Nf3 Nc6 3. c3 e6 4. d4 cxd4 5. cxd4 d5 6. e5 Nge7 7. Bd3 Qb6 8. Nc3
Bd7 9. Be3 Ng6 10. O-O Be7 11. a3 O-O 12. h4 f5 13. exf6 Bxf6 14. Bxg6 hxg6 15.
Qd3 Rae8 16. Qxg6 Qxb2 17. Na4 Qb5 18. Nc5 Ne7 19. Qh5 b6 20. Rab1 Qc6 21. Nd3
g6 22. Qh6 Bg7 23. Qg5 Bf6 24. Qg3 Kh7 25. Rbc1 Qb7 26. Rc7 1-0

[Event "C.to Provinciale TO"]
[Site "Torino ITA"]
[Date "2012.03.06"]
[Round "3"]
[White "Parisi, Gianmario"]
[Black "Finocchiaro, Gianluca"]
[WhiteElo "1768"]
[BlackElo "2082"]
[Result "1/2-1/2"]
[PlyCount "79"]
[EventDate "2012.02.21"]

1. e4 e5 2. Nf3 Nc6 3. Bb5 g6 4. O-O Bg7 5. Re1 Nge7 6. c3 O-O 7. d3 d6 8. Nbd2
h6 9. Nf1 f5 10. exf5 Nxf5 11. h3 Nh4 12. N1h2 Qf6 13. Qa4 Nxf3+ 14. Nxf3 Bxh3
15. Bxc6 bxc6 16. Qxc6 Qf4 17. Qe4 Qxe4 18. dxe4 Be6 19. Be3 a5 20. b3 d5 21.
Bc5 Rfd8 22. exd5 Rxd5 23. Be3 Rad8 24. Rac1 Rd3 25. Kf1 a4 26. Bc5 axb3 27.
axb3 Bxb3 28. Nxe5 R3d5 29. Nc6 Rxc5 30. Nxd8 Be5 31. Rb1 Bc4+ 32. Kg1 Kg7 33.
Red1 Bd6 34. Nb7 Rc6 35. Nxd6 cxd6 36. Rb7+ Kf6 37. Rbb1 Rc5 38. Rb6 Rd5 39.
Rc6 Bb5 40. Rb6 1/2-1/2

[Event "C.to Provinciale TO"]
[Site "Torino ITA"]
[Date "2012.03.06"]
[Round "3"]
[White "Ravazzolo, Gildo"]
[Black "Baruffa, Marino"]
[WhiteElo "1702"]
[BlackElo "1918"]
[Result "0-1"]
[PlyCount "92"]
[EventDate "2012.02.21"]

1. e4 e5 2. Bc4 Nf6 3. d3 Nc6 4. Nf3 d6 5. Nc3 Na5 6. Bg5 Nxc4 7. dxc4 c6 8.
Qe2 Be7 9. O-O-O Qc7 10. Nh4 a6 11. Nf5 Bxf5 12. exf5 b5 13. Bxf6 Bxf6 14. Ne4
Be7 15. Qg4 Bf8 16. f4 bxc4 17. fxe5 d5 18. Nd6+ Bxd6 19. exd6 Qxd6 20. Qxg7
O-O-O 21. Qxf7 Rdf8 22. Qe6+ Qxe6 23. fxe6 Kd8 24. Rhf1 Ke7 25. Kd2 Kxe6 26.
Rxf8 Rxf8 27. Ke2 Rb8 28. b3 cxb3 29. axb3 c5 30. Ra1 Rb6 31. Rf1 Ke5 32. g4
Rh6 33. Rf2 Kd4 34. Kd2 Ke4 35. Ke2 Rh4 36. g5 Rh5 37. Rg2 Kf5 38. Kf3 Rxg5 39.
Rd2 Ke5 40. h4 Rf5+ 41. Kg4 h5+ 42. Kg3 Rf1 43. Re2+ Kd6 44. Re8 Rc1 45. Ra8
Rxc2 46. Rxa6+ Ke5 0-1

[Event "C.to Provinciale TO"]
[Site "Torino ITA"]
[Date "2012.03.06"]
[Round "3"]
[White "Vittoria, Giuseppe"]
[Black "Ravazzolo, Gaia"]
[WhiteElo "1620"]
[BlackElo "1707"]
[Result "0-1"]
[PlyCount "94"]
[EventDate "2012.02.21"]

1. Nf3 d5 2. d4 c6 3. e3 Nf6 4. c4 Bf5 5. Nc3 e6 6. Bd3 Bxd3 7. Qxd3 Nbd7 8.
O-O Qc7 9. Bd2 Be7 10. Rac1 O-O 11. cxd5 exd5 12. a3 Qd8 13. Ne2 Ne4 14. Ng3
Nxd2 15. Nxd2 Nb6 16. Nf5 Qd7 17. f4 Bf6 18. Rf3 g6 19. Ng3 Nc8 20. f5 Nd6 21.
fxg6 fxg6 22. Rcf1 Bg7 23. Nb3 Rxf3 24. Rxf3 Rf8 25. Rxf8+ Bxf8 26. Nd2 Qe6 27.
Qe2 Bh6 28. Ngf1 Nf5 29. Nf3 Bxe3+ 30. Nxe3 Qxe3+ 31. Qxe3 Nxe3 32. Ne5 Nf5 33.
Nf3 Kf8 34. Kf2 Nd6 35. Nd2 Ke7 36. Kf3 Ke6 37. g4 b6 38. b4 Nb5 39. g5 Nxd4+
40. Kf4 c5 41. bxc5 bxc5 42. h4 c4 43. Nb1 Ne2+ 44. Ke3 Nc1 45. Nc3 Ke5 46. Ne2
Nxe2 47. Kxe2 Ke4 0-1

[Event "C.to Provinciale TO"]
[Site "Torino ITA"]
[Date "2012.03.06"]
[Round "3"]
[White "Yao, Stefano"]
[Black "Quirico, Paolo"]
[WhiteElo "1769"]
[BlackElo "2159"]
[Result "0-1"]
[PlyCount "90"]
[EventDate "2012.02.21"]

1. d4 Nf6 2. c4 c5 3. d5 e5 4. Nc3 d6 5. e4 Be7 6. Nf3 O-O 7. Bd3 Ne8 8. h3 f5
9. exf5 Bxf5 10. Be3 Nd7 11. Bxf5 Rxf5 12. Qd3 Rf8 13. Ne4 h6 14. Nfd2 Ndf6 15.
g4 Nxe4 16. Nxe4 Nf6 17. Ke2 Nxe4 18. Qxe4 Bg5 19. b3 Qf6 20. Rad1 a5 21. a4
Rf7 22. Rdf1 Raf8 23. Bxg5 Qxg5 24. h4 Qf4 25. Qxf4 Rxf4 26. Rhg1 Re4+ 27. Kd3
Rd4+ 28. Kc3 Rf3+ 29. Kc2 Rdd3 30. Rb1 Rc3+ 31. Kd2 Rcd3+ 32. Ke2 Rxb3 33. Rxb3
Rxb3 34. Rg3 Rb4 35. Rc3 Rxa4 36. Kd3 Rb4 37. Ra3 b6 38. Kc3 Kf7 39. Ra1 Ke7
40. Re1 Kd7 41. h5 b5 42. cxb5 Rxg4 43. Ra1 a4 44. b6 Kc8 45. Kd3 Kb7 0-1

[Event "C.to Provinciale TO"]
[Site "Torino ITA"]
[Date "2012.03.06"]
[Round "3"]
[White "Zanatta, Aldo"]
[Black "Barbonese, Roberto"]
[WhiteElo "1650"]
[BlackElo "1302"]
[Result "1-0"]
[PlyCount "90"]
[EventDate "2012.02.21"]

1. d4 d5 2. Nf3 Nc6 3. c4 Nf6 4. Nc3 e6 5. e3 Be7 6. Bd3 b6 7. cxd5 Nxd5 8.
Nxd5 exd5 9. O-O Bg4 10. a3 O-O 11. b4 Bd6 12. Be2 f6 13. Bb2 Ne7 14. h3 Bh5
15. Rc1 c6 16. Nh4 Bxe2 17. Qxe2 f5 18. Nf3 Ng6 19. Ne5 Nxe5 20. dxe5 Be7 21.
Rxc6 Rc8 22. b5 Rxc6 23. bxc6 Qc7 24. Qb5 Rd8 25. f4 Bc5 26. Bd4 Bxa3 27. Rf3
Bc5 28. Bxc5 bxc5 29. Qxc5 a5 30. Rf1 h6 31. Rd1 Rc8 32. Qxd5+ Kh7 33. Rc1 Qb6
34. Qc5 Qb3 35. Qc3 a4 36. Qxb3 axb3 37. Rb1 Rxc6 38. Rxb3 Rc2 39. Rd3 g5 40.
Kf1 gxf4 41. exf4 Rc4 42. g3 Kg7 43. Ke2 Re4+ 44. Kf3 Kf7 45. Rd6 Kg7 1-0

[Event "C.to Provinciale TO"]
[Site "Torino ITA"]
[Date "2012.03.06"]
[Round "3"]
[White "Zanella, Wainer"]
[Black "Paoli, Mario"]
[WhiteElo "1629"]
[BlackElo "1812"]
[Result "0-1"]
[PlyCount "49"]
[EventDate "2012.02.21"]

1. d4 d5 2. e4 dxe4 3. Nc3 Nf6 4. f3 exf3 5. Nxf3 e6 6. Bg5 Be7 7. Bd3 h6 8.
Bh4 Nc6 9. Ne2 Ng4 10. Bxe7 Qxe7 11. Qd2 Nb4 12. c4 Nxd3+ 13. Qxd3 Qb4+ 14. Qc3
Qxc3+ 15. Nxc3 c6 16. O-O Ne3 17. Rf2 Nxc4 18. Ne4 O-O 19. b3 Ne3 20. Ne5 Nf5
21. g4 Ne7 22. Raf1 f6 23. Nd6 b6 24. Ndf7 Rxf7 25. Nxf7 0-1

[Event "C.to Provinciale TO"]
[Site "Torino ITA"]
[Date "2012.03.13"]
[Round "4"]
[White "Boetto, Massimo"]
[Black "Lizzari, Nicola"]
[WhiteElo "1977"]
[BlackElo "1844"]
[Result "1/2-1/2"]
[PlyCount "62"]
[EventDate "2012.02.21"]

1. e4 c5 2. Nf3 Nc6 3. d4 cxd4 4. Nxd4 d6 5. Nc3 Nf6 6. Bc4 g6 7. f3 Bg7 8. Be3
Bd7 9. Qd2 O-O 10. O-O-O a6 11. g4 b5 12. Bb3 Ne5 13. h4 h5 14. Bh6 Nc4 15.
Bxc4 bxc4 16. Nd5 Nxd5 17. exd5 c3 18. bxc3 Qa5 19. Bxg7 Kxg7 20. Nf5+ Bxf5 21.
Qd4+ f6 22. gxf5 Rac8 23. Rhg1 Rxc3 24. Rxg6+ Kf7 25. Qe4 Qa3+ 26. Kd2 Rc7 27.
Rdg1 Qc3+ 28. Kd1 Qa1+ 29. Ke2 Qxa2 30. Rg7+ Ke8 31. Ke3 Qxc2 1/2-1/2

[Event "C.to Provinciale TO"]
[Site "Torino ITA"]
[Date "2012.03.13"]
[Round "4"]
[White "Bosetti, Roberto"]
[Black "Yao, Stefano"]
[WhiteElo "1874"]
[BlackElo "1769"]
[Result "0-1"]
[PlyCount "38"]
[EventDate "2012.02.21"]

1. d4 d5 2. c4 c6 3. Nc3 Nf6 4. Nf3 dxc4 5. a4 Bf5 6. e3 e6 7. Bxc4 Bb4 8. O-O
O-O 9. Qb3 Qe7 10. a5 Rd8 11. Bd2 Nbd7 12. Ne2 Bxd2 13. Nxd2 b5 14. axb6 axb6
15. Ng3 Bg6 16. f4 h5 17. f5 Bxf5 18. Nxf5 exf5 19. Rxf5 Rxa1+ 0-1

[Event "C.to Provinciale TO"]
[Site "Torino ITA"]
[Date "2012.03.13"]
[Round "4"]
[White "Di Chiara, Mauro"]
[Black "Manni, Stefano"]
[WhiteElo "2008"]
[BlackElo "2034"]
[Result "1/2-1/2"]
[PlyCount "55"]
[EventDate "2012.02.21"]

1. d4 d5 2. Nf3 Nf6 3. c4 c6 4. cxd5 cxd5 5. Nc3 Nc6 6. Bf4 Nh5 7. Be5 e6 8. e3
Be7 9. Bd3 O-O 10. Rc1 Bd7 11. Bb1 Qb6 12. Qc2 g6 13. O-O f6 14. Bg3 Nxg3 15.
hxg3 Rf7 16. Na4 Qc7 17. Nc5 g5 18. a3 g4 19. Ne1 f5 20. Ned3 Bd6 21. Nf4 Rf6
22. Ba2 Rh6 23. b4 Bxf4 24. gxf4 Nxd4 25. exd4 Qxf4 26. Rfe1 g3 27. Nd3 Qxd4
28. Qc3 1/2-1/2

[Event "C.to Provinciale TO"]
[Site "Torino ITA"]
[Date "2012.03.13"]
[Round "4"]
[White "Fassero, Fabrizio"]
[Black "Riccardi, Mauro"]
[WhiteElo "1724"]
[BlackElo "1872"]
[Result "1/2-1/2"]
[PlyCount "37"]
[EventDate "2012.02.21"]

1. Nf3 d5 2. c4 Nf6 3. g3 g6 4. b3 Bg7 5. Bb2 c6 6. Bg2 O-O 7. O-O Bf5 8. d3
Nbd7 9. Qc2 Re8 10. Nc3 e5 11. e4 dxe4 12. dxe4 Bg4 13. Rad1 Qc7 14. h3 Be6 15.
Qd2 Bf8 16. Na4 Nxe4 17. Qe3 Nec5 18. Nxc5 Bxc5 19. Bxe5 1/2-1/2

[Event "C.to Provinciale TO"]
[Site "Torino ITA"]
[Date "2012.03.13"]
[Round "4"]
[White "Fassio, Francesco"]
[Black "Zanella, Wainer"]
[WhiteElo "1623"]
[BlackElo "1629"]
[Result "0-1"]
[PlyCount "79"]
[EventDate "2012.02.21"]

1. Nf3 Nc6 2. c4 e5 3. Nc3 f5 4. d3 Nf6 5. Bg5 h6 6. Bxf6 Qxf6 7. Nd5 Bb4+ 8.
Nd2 Qd6 9. g3 b6 10. Bg2 Bb7 11. Nxb4 Qxb4 12. a3 Qxb2 13. O-O O-O-O 14. e3 Na5
15. Bxb7+ Kxb7 16. Qe2 Nb3 17. Rad1 d5 18. cxd5 Rxd5 19. Rfe1 Nxd2 20. Rxd2
Qxa3 21. d4 Qa6 22. Qh5 exd4 23. exd4 Rhd8 24. Qf7 g5 25. Re7 Qc4 26. Rd1 a5
27. h3 Qc2 28. Rde1 Rxd4 29. Qh5 Qc6 30. Qf7 R4d5 31. Qg7 Rd1 32. Qe5 Rxe1+ 33.
Qxe1 Qf3 34. Re2 Rd3 35. Kh2 h5 36. Re3 Rxe3 37. fxe3 h4 38. Qg1 hxg3+ 39. Qxg3
Qxg3+ 40. Kxg3 0-1

[Event "C.to Provinciale TO"]
[Site "Torino ITA"]
[Date "2012.03.13"]
[Round "4"]
[White "Finocchiaro, Gianluca"]
[Black "Benenati, Gianfranco"]
[WhiteElo "2082"]
[BlackElo "1847"]
[Result "0-1"]
[PlyCount "64"]
[EventDate "2012.02.21"]

1. d4 Nf6 2. Nc3 g6 3. e4 d6 4. Bg5 Bg7 5. e5 dxe5 6. dxe5 Qxd1+ 7. Rxd1 Nfd7
8. Nd5 Bxe5 9. Nf3 Bd6 10. Bxe7 Bxe7 11. Nxc7+ Kf8 12. Nxa8 Bb4+ 13. c3 Ba5 14.
b4 Bd8 15. Ne5 Kg7 16. Nc4 Bf6 17. Kd2 Ne5 18. Kc2 Bf5+ 19. Kb2 Ng4 20. Rd2 Nc6
21. Nc7 Nxb4 22. Nd6 Be5 23. Nxf5+ gxf5 24. Bb5 Rc8 25. Rd7 Nf6 26. Re7 Bxc3+
27. Kb1 Kf8 28. Nd5 Nbxd5 29. Rxb7 Bd4 30. Ba6 Nc3+ 31. Kc2 Nce4+ 32. Kb1 Nd2#
0-1

[Event "C.to Provinciale TO"]
[Site "Torino ITA"]
[Date "2012.03.13"]
[Round "4"]
[White "Gastaldi, Franco"]
[Black "Barbonese, Roberto"]
[WhiteElo "1566"]
[BlackElo "1302"]
[Result "1-0"]
[PlyCount "86"]
[EventDate "2012.02.21"]

1. d4 d5 2. c4 Nf6 3. Nc3 g6 4. Bg5 Bg7 5. Bxf6 Bxf6 6. Nxd5 Bg7 7. e3 c6 8.
Nc3 O-O 9. Nf3 Nd7 10. Be2 c5 11. O-O b6 12. Qc2 Bb7 13. d5 a6 14. Rfd1 Qc7 15.
Rd2 Rad8 16. Rad1 Ne5 17. Nxe5 Bxe5 18. g3 f5 19. Bf3 Bd6 20. Ne2 e5 21. Bg2 f4
22. Qe4 Bc8 23. exf4 Bf5 24. Qe3 exf4 25. gxf4 Rde8 26. Qg3 Bc8 27. Bh3 Bxh3
28. Qxh3 Bxf4 29. Nxf4 Qxf4 30. Qd3 Re4 31. b3 Rd4 32. Qe3 Qd6 33. Rxd4 cxd4
34. Rxd4 Qc5 35. Qe6+ Kh8 36. Qe5+ Kg8 37. Rf4 Qa3 38. Qe6+ Kg7 39. Rxf8 Kxf8
40. Qf6+ Kg8 41. d6 Qc1+ 42. Kg2 Qd2 43. Qd8+ Kg7 1-0

[Event "C.to Provinciale TO"]
[Site "Torino ITA"]
[Date "2012.03.13"]
[Round "4"]
[White "Iacomussi, Mario"]
[Black "Vittoria, Giuseppe"]
[WhiteElo "1729"]
[BlackElo "1620"]
[Result "1-0"]
[PlyCount "67"]
[EventDate "2012.02.21"]

1. d4 Nf6 2. c4 d5 3. Nc3 c6 4. cxd5 cxd5 5. Nf3 Nc6 6. g3 Bf5 7. Bg2 e6 8. a3
h6 9. O-O Be7 10. Bf4 a6 11. Rc1 O-O 12. Re1 Rc8 13. b4 b5 14. Ne5 Nxe5 15.
Bxe5 Nd7 16. e4 dxe4 17. Nxe4 Nxe5 18. Rxc8 Qxc8 19. dxe5 Rd8 20. Qh5 Bg6 21.
Qf3 Qc2 22. Qf4 Qc4 23. Rc1 Qb3 24. h4 Qxa3 25. Nd6 Qb3 26. Bb7 Qa3 27. Rc7
Bxd6 28. exd6 Qa1+ 29. Rc1 Qa3 30. Qd2 Rxd6 31. Rc8+ Kh7 32. Qxd6 Qa1+ 33. Kg2
Bf5 34. Qf4 1-0

[Event "C.to Provinciale TO"]
[Site "Torino ITA"]
[Date "2012.03.13"]
[Round "4"]
[White "Malano, Francesco"]
[Black "Parisi, Gianmario"]
[WhiteElo "1952"]
[BlackElo "1768"]
[Result "1-0"]
[PlyCount "91"]
[EventDate "2012.02.21"]

1. d4 e6 2. c4 f5 3. g3 Nf6 4. Bg2 c6 5. Nf3 d5 6. O-O Bd6 7. b3 Qe7 8. a4 O-O
9. Ba3 b6 10. Ne5 Bb7 11. Bxd6 Qxd6 12. Nd2 Nbd7 13. Ndf3 Rac8 14. e3 Rfd8 15.
Qc2 Ne4 16. Rfd1 Qe7 17. Nxd7 Rxd7 18. Ne5 Rdc7 19. f3 Nf6 20. c5 Nd7 21. Nxd7
Rxd7 22. b4 Qf6 23. f4 g5 24. fxg5 Qxg5 25. Qf2 Kg7 26. Kh1 Kh8 27. Bf1 Rg7 28.
Be2 Qh6 29. Kg1 Qf6 30. Qf4 Qe7 31. Qe5 Rf8 32. Rac1 Qf6 33. Qxf6 Rxf6 34. b5
Rc7 35. bxc6 Rxc6 36. Bb5 Rc8 37. cxb6 axb6 38. Rxc8+ Bxc8 39. Rc1 Rf8 40. Rc6
Bd7 41. Rxb6 Bxb5 42. axb5 Re8 43. Rb7 Kg8 44. Kg2 h6 45. b6 Kf8 46. Rc7 1-0

[Event "C.to Provinciale TO"]
[Site "Torino ITA"]
[Date "2012.03.13"]
[Round "4"]
[White "Marvin, Elio"]
[Black "Capuzzimati, Fausto"]
[WhiteElo "1688"]
[BlackElo "1486"]
[Result "0-1"]
[PlyCount "52"]
[EventDate "2012.02.21"]

1. e4 c5 2. c4 d6 3. h3 Nc6 4. Nc3 Nf6 5. d3 g6 6. Nf3 Bg7 7. Be3 e5 8. g4 Nd4
9. Nd2 h6 10. Bg2 Be6 11. O-O h5 12. g5 Nh7 13. h4 Qd7 14. Kh2 O-O 15. Nd5 f6
16. f3 f5 17. exf5 Bxf5 18. Ne4 Rf7 19. Bxd4 exd4 20. f4 Raf8 21. Qd2 Be6 22.
Ng3 Kh8 23. Rae1 Bxd5 24. Bxd5 Re7 25. Rxe7 Qxe7 26. Re1 Qd8 0-1

[Event "C.to Provinciale TO"]
[Site "Torino ITA"]
[Date "2012.03.13"]
[Round "4"]
[White "Paoli, Mario"]
[Black "Gussone, Claudio"]
[WhiteElo "1812"]
[BlackElo "1744"]
[Result "1-0"]
[PlyCount "81"]
[EventDate "2012.02.21"]

1. d4 f5 2. Nf3 Nf6 3. c4 e6 4. Nc3 Bb4 5. a3 Bxc3+ 6. bxc3 O-O 7. e3 d6 8. Bd3
Qe8 9. Qc2 Nc6 10. O-O Qh5 11. Be2 Qf7 12. a4 e5 13. d5 Ne7 14. Ba3 b6 15. Rfd1
h6 16. Rab1 g5 17. Nd2 Ng6 18. Bd3 e4 19. Be2 Ne5 20. Nb3 f4 21. exf4 gxf4 22.
Nd4 Qg7 23. Kh1 Neg4 24. Bxg4 Bxg4 25. f3 Bd7 26. fxe4 Rae8 27. Re1 Re5 28. Nf3
Rh5 29. e5 Bf5 30. exf6 Qg3 31. Qxf5 Qxe1+ 32. Rxe1 Rxf5 33. Nd4 R5xf6 34. Bc1
R8f7 35. Kg1 Kh7 36. Kf2 Kg6 37. Kf3 a5 38. Re4 Kh5 39. Bxf4 Kg6 40. g4 Kh7 41.
h4 1-0

[Event "C.to Provinciale TO"]
[Site "Torino ITA"]
[Date "2012.03.13"]
[Round "4"]
[White "Quirico, Paolo"]
[Black "Castaldo, Folco"]
[WhiteElo "2159"]
[BlackElo "2417"]
[Result "0-1"]
[PlyCount "69"]
[EventDate "2012.02.21"]

1. c4 f5 2. g3 Nf6 3. Nc3 e6 4. Bg2 Bb4 5. Qb3 a5 6. Nf3 O-O 7. O-O Nc6 8. d3
Kh8 9. Bd2 d6 10. Nb5 Bxd2 11. Nxd2 e5 12. Rac1 Qe7 13. Nc3 Qf7 14. Nd5 a4 15.
Qd1 Be6 16. Nxf6 Qxf6 17. a3 Ra6 18. e3 f4 19. Qh5 g6 20. Qh6 Bg4 21. Ne4 Qg7
22. Qxg7+ Kxg7 23. f3 Bf5 24. gxf4 exf4 25. exf4 Nd4 26. Rfe1 h6 27. Kf2 Rb6
28. Rb1 Rb3 29. Bf1 Rf7 30. Nd2 Rb6 31. Re8 Ne6 32. Kg3 Nd4 33. Ne4 Rb3 34. h4
Ne6 35. h5 0-1

[Event "C.to Provinciale TO"]
[Site "Torino ITA"]
[Date "2012.03.13"]
[Round "4"]
[White "Ravazzolo, Gaia"]
[Black "Baruffa, Marino"]
[WhiteElo "1707"]
[BlackElo "1918"]
[Result "0-1"]
[PlyCount "95"]
[EventDate "2012.02.21"]

1. d4 Nf6 2. c4 e6 3. Nf3 g6 4. Nc3 Bg7 5. Bg5 h6 6. Bh4 d6 7. e4 Nbd7 8. Qd2
b6 9. Bd3 Bb7 10. O-O-O g5 11. Bg3 Nh5 12. Bc2 Nxg3 13. hxg3 g4 14. Nh4 h5 15.
Kb1 Qe7 16. d5 Ne5 17. Ba4+ Kd8 18. Qe2 Ba6 19. Bb5 Bb7 20. f4 gxf3 21. gxf3 c6
22. Ba4 Rc8 23. f4 Nxc4 24. Qxc4 b5 25. Nxb5 cxb5 26. Qxb5 Rc5 27. Qb3 exd5 28.
Rhe1 Qc7 29. exd5 Qb6 30. Nf5 Qxb3 31. Bxb3 Bf8 32. Rc1 Bc8 33. Ne3 Rg8 34. Rg1
Bg7 35. Rxc5 dxc5 36. Nc4 Bd4 37. Rg2 Bf5+ 38. Bc2 Bh3 39. Rd2 Rxg3 40. Ne5
Rg1+ 41. Rd1 Rxd1+ 42. Bxd1 Bxe5 43. fxe5 Bg4 44. Bc2 Bf3 45. d6 h4 46. Bf5 Bg2
47. e6 fxe6 48. Bxe6 0-1

[Event "C.to Provinciale TO"]
[Site "Torino ITA"]
[Date "2012.03.13"]
[Round "4"]
[White "Tondo, Stefano"]
[Black "Blundo, Michele"]
[WhiteElo "1752"]
[BlackElo "1685"]
[Result "1-0"]
[PlyCount "91"]
[EventDate "2012.02.21"]

1. e4 c5 2. Nf3 d6 3. d4 cxd4 4. Qxd4 Nc6 5. Bb5 Bd7 6. Bxc6 Bxc6 7. Nc3 e6 8.
Bg5 Qc7 9. O-O-O Rc8 10. Kb1 b5 11. Rd2 e5 12. Qd3 f6 13. Be3 Nh6 14. Nxb5 Bxb5
15. Qxb5+ Qc6 16. Qxc6+ Rxc6 17. Bxa7 Be7 18. Nh4 g6 19. Be3 Nf7 20. Nf3 O-O
21. h4 Rc4 22. h5 Rxe4 23. hxg6 hxg6 24. Rdd1 f5 25. Rh3 f4 26. Bc1 Bf6 27. b3
Rd8 28. c4 Ng5 29. Nxg5 Bxg5 30. Rhd3 Be7 31. c5 Rd4 32. Rxd4 exd4 33. Rxd4
dxc5 34. Rxd8+ Bxd8 35. Bxf4 Kf7 36. Kc2 Ke6 37. Kd3 Kd5 38. a4 Ba5 39. Bh6 Bb4
40. g4 Be1 41. Be3 Bb4 42. f4 Ba5 43. f5 gxf5 44. gxf5 Bd8 45. Bf4 Bh4 46. f6
1-0